Cultura Geral - Statistics

Estatísticas Gerais
  • Esse quiz foi jogado 35 vezes
  • A pontuação média é 6 de 15
Estatísticas das Respostas
Hint Resposta % Correto
Em que país podemos encontrar a cidade do Cairo? Egito
100%
O que significa "Fast food"? Comida rápida
91%
Qual é o país que produz mais vinho? Itália
88%
Que divisão da casa é usada para preparo da comida? Cozinha
84%
Qual é o símbolo do ferro? Fe
84%
De que país é originário o Chutney? Índia
41%
Em que país podemos encontrar a cidade Islamabade? Paquistão
34%
Quem é o pai da Miley Cyrus? Billy Ray Cyrus
28%
De que país o Khoujoor é um prato típico? Afeganistão
22%
Qual é a cidade mais populosa de Michigan? Detroit
22%
Que nome damos á técnica culinária que consiste em colocar um alimento, geralmente uma peça de carne, numa mistura de água, sal, temperos e algum componente ácido, como o vinagre? Marinada
13%
Que nome damos aos alimentos que são produzidos ao encher tripas de animais ou sintéticas com diversos tipos de recheios? Enchidos
9%
Que alimento é feito com massa de pão achatado enrolado em torno de um recheio? Wrap
6%
De que país o Phuzamandla é um alimento tradicional? África do Sul
3%
Qual é a maior cidade do Tennessee? Nasville
0%
Nenhum quiz correspondente encontrado
Distribuição das Pontuações
Porcentagem de Pessoas com Cada Pontuação
Percentil de Números Respondidos
Sua Pontuação Histórica
Você não jogou esse quiz